| 000 | 00942cam a22002775a 4500 | ||
|---|---|---|---|
| 001 | L158060 | ||
| 008 | 110124s2012 xxk f 001 0 eng d | ||
| 020 | _a9780415809696 | ||
| 035 | _a(Sirsi) u158060 | ||
| 041 | 0 | _aeng | |
| 050 | 0 | 4 | _a343.4207869 $2 18 |
| 100 | 1 | _aTricker, Ray | |
| 245 | 0 | 0 | _aBuilding regulations in brief |
| 250 | _a7th ed. | ||
| 260 |
_aLondon _bButterworth-Heinemann _c2012 |
||
| 520 | _aA reference manual to the requirements of the Building Regulations covering cost-effective ways to comply with the requirements. This new edition includes the new Part G documents (sanitation, hot water safety and water efficiency). | ||
| 520 | _aSupersedes sixth edition | ||
| 521 | _aAdvanced | ||
| 590 | _aKA | ||
| 650 | 2 | 4 | _aBUILDING ACT 1984 |
| 650 | 2 | 4 | _aBUILDING REGULATIONS 2000 |
| 651 | 4 |
_aEngland and Wales _y1543- |
|
| 690 |
_aBuilding regulations _96224 |
||
| 700 | 1 | _aAlford, Samantha | |
| 942 | _n0 | ||
| 999 |
_c115112 _d115112 |
||